US states with the highest % of Buddhists - Statistics

General Stats
  • This quiz has been taken 26 times
  • The average score is 6 of 10
Answer Stats
Hint Answer % Correct
2 California
100%
1 Hawaii
83%
4 Arizona
71%
5 Colorado
71%
3 Alaska
67%
10 Maine
58%
8 Kansas
46%
6 Connecticut
42%
9 Louisiana
33%
7 Illinios
0%
No matching quizzes found
Score Distribution
Percent of People with Each Score
Percentile by Number Answered
Your Score History
You have not taken this quiz